Surfactant sensitized coagulation of natural rubber latex and its application in processing of rubber (Record no. 70025)

MARC details
000 -LEADER
fixed length control field 00627nam a2200157Ia 4500
100 ## - MAIN ENTRY--AUTHOR NAME
Personal name Alex R
245 #0 - TITLE STATEMENT
Title Surfactant sensitized coagulation of natural rubber latex and its application in processing of rubber
260 ## - PUBLICATION, DISTRIBUTION, ETC. (IMPRINT)
Name of publisher National Seminar on New Composites: The materials for Chemical and Allied Industries, 4-5 October 2013, Institution of Engineers and Indian Rubber Institute, Udaipur, India, Souvenir, p. 133.
650 ## - SUBJECT ADDED ENTRY--TOPICAL TERM
Topical Term Coagulation
650 ## - SUBJECT ADDED ENTRY--TOPICAL TERM
Topical Term Natural rubber latex
650 ## - SUBJECT ADDED ENTRY--TOPICAL TERM
Topical Term Rubber processing
650 ## - SUBJECT ADDED ENTRY--TOPICAL TERM
Topical Term Surfactant
856 ## - ELECTRONIC LOCATION AND ACCESS
Uniform Resource Identifier Ref only
942 ## - ADDED ENTRY ELEMENTS (KOHA)
Koha item type Journals
Holdings
Withdrawn status Lost status Damaged status Not for loan Home library Current library Shelving location Date acquired Koha item type
      Journals RRII Library RRII Library Rubber technology 17/12/2021 Journals